| 000 | 00601nam a2200205Ia 4500 | ||
|---|---|---|---|
| 001 | 23434 | ||
| 003 | GE_BSU | ||
| 008 | 181216s||||||||xx |||||||||||||| ||und|| | ||
| 040 | _cGE_BSU | ||
| 245 | _aАзия и Африка сегодня. № 7. (732) 2018 | ||
| 245 | _bЕжемесячный научный журнал | ||
| 245 | _cГл.ред.Васильев А.В. | ||
| 260 | _aмосква | ||
| 260 | _c2018г | ||
| 300 | _a80с;28см; | ||
| 653 | _aАзия и Африка. № 7. (732) 2018 | ||
| 653 | _aПериодика | ||
| 653 | _aპერიოდიკა | ||
| 942 | _cCR | ||
| 999 |
_c56321 _d56321 |
||